Pirate latitudes : (Record no. 174465)

000 -LEADER
fixed length control field 01408cam a2200373 a 4500
001 - CONTROL NUMBER
control field 16001149
003 - CONTROL NUMBER IDENTIFIER
control field Nust
005 - DATE AND TIME OF LATEST TRANSACTION
control field 20220829150136.0
008 - FIXED-LENGTH DATA ELEMENTS--GENERAL INFORMATION
fixed length control field 091130s2009 nyu 000 1 eng
010 ## - LIBRARY OF CONGRESS CONTROL NUMBER
LC control number 2009049965
020 ## - INTERNATIONAL STANDARD BOOK NUMBER
International Standard Book Number 9780007355228
Terms of availability Rs. 460
038 ## - RECORD CONTENT LICENSOR
Staff Name Arshad
040 ## - CATALOGING SOURCE
Original cataloging agency DLC
Transcribing agency DLC
Modifying agency DLC
043 ## - GEOGRAPHIC AREA CODE
Geographic area code nwjm---
-- cc-----
050 00 - LIBRARY OF CONGRESS CALL NUMBER
Classification number PS3553.R48
Item number P57 2009
082 00 - DEWEY DECIMAL CLASSIFICATION NUMBER
Classification number 823
Author Mark CRI
100 1# - MAIN ENTRY--PERSONAL NAME
Personal name Crichton, Michael,
Dates associated with a name 1942-2008.
9 (RLIN) 12099
245 10 - TITLE STATEMENT
Title Pirate latitudes :
Remainder of title a novel /
Statement of responsibility, etc. Michael Crichton.
250 ## - EDITION STATEMENT
Edition statement 1st ed.
260 ## - PUBLICATION, DISTRIBUTION, ETC.
Place of publication, distribution, etc. New York :
Name of publisher, distributor, etc. Harper,
Date of publication, distribution, etc. 2009.
300 ## - PHYSICAL DESCRIPTION
Extent 312 p. ;
Dimensions 24 cm.
520 ## - SUMMARY, ETC.
Summary, etc. "Michael Crichton presents a story about pirates in the New World"--Provided by publisher.
650 #0 - SUBJECT ADDED ENTRY--TOPICAL TERM
Topical term or geographic name entry element Pirates
Form subdivision Fiction.
9 (RLIN) 12100
650 #0 - SUBJECT ADDED ENTRY--TOPICAL TERM
Topical term or geographic name entry element Ship captains
Form subdivision Fiction.
9 (RLIN) 11661
650 #0 - SUBJECT ADDED ENTRY--TOPICAL TERM
Topical term or geographic name entry element Naval history, Modern
Chronological subdivision 17th century
Form subdivision Fiction.
9 (RLIN) 12101
651 #0 - SUBJECT ADDED ENTRY--GEOGRAPHIC NAME
Geographic name Jamaica
Form subdivision Fiction.
9 (RLIN) 12102
651 #0 - SUBJECT ADDED ENTRY--GEOGRAPHIC NAME
Geographic name Caribbean Area
Form subdivision Fiction.
9 (RLIN) 12103
655 #7 - INDEX TERM--GENRE/FORM
Genre/form data or focus term Sea stories.
Source of term gsafd
9 (RLIN) 7960
655 #7 - INDEX TERM--GENRE/FORM
Genre/form data or focus term Adventure fiction.
Source of term gsafd
9 (RLIN) 5620
856 42 - ELECTRONIC LOCATION AND ACCESS
Materials specified Cover image
Uniform Resource Identifier <a href="www.harpercollins.com/harperimages/isbn/tiff/3/9780061929373.tif">www.harpercollins.com/harperimages/isbn/tiff/3/9780061929373.tif</a>
906 ## - LOCAL DATA ELEMENT F, LDF (RLIN)
a 7
b cbc
c orignew
d 1
e ecip
f 20
g y-gencatlg
942 ## - ADDED ENTRY ELEMENTS (KOHA)
Source of classification or shelving scheme
Koha item type Book
Holdings
Withdrawn status Lost status Source of classification or shelving scheme Damaged status Not for loan Permanent Location Current Location Shelving location Date acquired Total Checkouts Total Renewals Full call number Barcode Date last seen Date last checked out Copy number Price effective from Koha item type
          Central Library (CL) Central Library (CL) Fiction 01/26/2017 2 1 823 CRI CL538 03/31/2023 01/29/2023 1 01/26/2017 Book
© 2023 Central Library, National University of Sciences and Technology. All Rights Reserved.